| 000 | 00448nam a2200193Ia 4500 | ||
|---|---|---|---|
| 008 | 151119s9999||||xx |||||||||||||| ||und|| | ||
| 082 | _a390 | ||
| 082 | _bGKKV25490 | ||
| 100 | _aUPASANI N K | ||
| 245 | _aEFFECTIVE COLLEGE TEACHING | ||
| 260 | _a-- | ||
| 260 | _b-- | ||
| 260 | _c0 | ||
| 600 | _aUPASANI N K | ||
| 630 | _aEFFECTIVE COLLEGE TEACHING | ||
| 700 | _aUPASANI N K | ||
| 730 | _aEFFECTIVE COLLEGE TEACHING | ||
| 942 | _cBOOK | ||
| 999 |
_c1078006 _d1078003 |
||